The walk-on-water syndrome : (Record no. 3475)

MARC details
000 -LEADER
fixed length control field 00818pam a2200253 a 4500
001 - CONTROL NUMBER
control field 3314712
003 - CONTROL NUMBER IDENTIFIER
control field GBCCL
005 - DATE AND TIME OF LATEST TRANSACTION
control field 20241126110455.0
008 - FIXED-LENGTH DATA ELEMENTS--GENERAL INFORMATION
fixed length control field 840809s1984 txu b 000 0 eng
010 ## -
-- 84019486
020 ## - INTERNATIONAL STANDARD BOOK NUMBER
International Standard Book Number 0849904307 :
Terms of availability $10.95
040 ## - CATALOGING SOURCE
Original cataloging agency DLC
Transcribing agency DLC
Modifying agency DLC
050 00 -
-- BV4011
-- .B653 1984
082 00 - DEWEY DECIMAL CLASSIFICATION NUMBER
Classification number 253.2
Edition information 19
Item number BRA
100 1# - MAIN ENTRY--PERSONAL NAME
Personal name Bratcher, Edward B.,
Dates associated with a name 1924-
9 (RLIN) 7014
245 14 - TITLE STATEMENT
Title The walk-on-water syndrome :
Remainder of title dealing with professional hazards in the ministry /
Statement of responsibility, etc. Edward B. Bratcher ; foreword by Wayne Oates.
260 ## - PUBLICATION, DISTRIBUTION, ETC.
Place of publication, distribution, etc. Waco, Tex. :
Name of publisher, distributor, etc. Word Books,
Date of publication, distribution, etc. c1984.
300 ## - PHYSICAL DESCRIPTION
Extent 234 p. ;
Dimensions 23 cm.
504 ## - BIBLIOGRAPHY, ETC. NOTE
Bibliography, etc. note Bibliography: p. 226-234.
650 #0 - SUBJECT ADDED ENTRY--TOPICAL TERM
Topical term or geographic name entry element Pastoral theology.
9 (RLIN) 414
650 #0 - SUBJECT ADDED ENTRY--TOPICAL TERM
Topical term or geographic name entry element Clergy
General subdivision Psychology.
9 (RLIN) 3413
906 ## - LOCAL DATA ELEMENT F, LDF (RLIN)
a 7
b cbc
c orignew
d 1
e ocip
f 19
g y-gencatlg
942 ## - ADDED ENTRY ELEMENTS (KOHA)
Source of classification or shelving scheme Dewey Decimal Classification
Koha item type Books
Holdings
Withdrawn status Lost status Source of classification or shelving scheme Damaged status Not for loan Home library Current Library Shelving location Date acquired Total checkouts Full call number Barcode Date last seen Copy number Price effective from Koha item type
    Dewey Decimal Classification     GRACE BIBLE COLLEGE GRACE BIBLE COLLEGE Ministry & Mission 2017-11-28   253.2 BRA 007045 2025-05-01 c.1 2017-11-28 Books
© Grace Bible College Library 2025